| 000 | 01185cam a22003497a 4500 | ||
|---|---|---|---|
| 003 | CHAP | ||
| 005 | 20220329140243.0 | ||
| 008 | 971013s1978 r 00010 d | ||
| 010 | _a49273 | ||
| 011 | _a50245 | ||
| 035 | _a54395 | ||
| 040 | _cCHAP | ||
| 082 |
_a633.1 _bR62 |
||
| 100 | 0 | 0 |
_aRobbelen, Gerhard. _997878 |
| 245 | 0 | _aMode of inheritance, interaction and application of genes conditioning resistance to yellow rust | |
| 260 |
_aBerling : _bPaul Parey, _c1978 |
||
| 300 | _a88 p. | ||
| 490 | 0 |
_aAdvances in plant breeding _v; 9 |
|
| 590 |
_aBATCH-UPD _b10 _c20130110 _lUCH01 _h0050 |
||
| 590 |
_aBATCH-UPD _b10 _c20130110 _lUCH01 _h1737 |
||
| 590 |
_aBATCH-UPD _b10 _c20130410 _lUCH01 _h1117 |
||
| 590 |
_aBATCH-UPD _b10 _c20130913 _lUCH01 _h1939 |
||
| 590 |
_aCONVERSION _b10 _c20130109 _lUCH01 _h1327 |
||
| 650 | 1 | 4 |
_aCereales _xEnfermedades. _921412 |
| 650 | 1 | 4 |
_aCultivos _xVariedades resistentes a enfermedades. _930335 |
| 650 | 1 | 4 |
_aHongos fitopatógenos. _956132 |
| 650 | 1 | 4 |
_aPuccinia striiformis. _992831 |
| 830 | 0 |
_aAdvances in plant breeding _v; 9 _9996 |
|
| 901 | _aBK | ||
| 942 | _cLIBRO | ||
| 949 |
_a633.1 R62 _bBC _cLIBRO _d33724000190427 _eLIBRO _h57916 _i54395 _si |
||
| 999 |
_c49273 _d49273 |
||